00453nam a22001577a 450000500170000001000150001702000260003203500140005803700130007208200160008510000240010124500570012526000410018227000500022330000220027320170517114516.0 aENG-118194 a9789384275259c995.00 aEN-101726 bDBAD/PUB a305.4209545 aS.P.(K) Vennela Rau aWomen and north east india/cby S.P.(K) Vennela Rau aIndiabNE BOOKS AND PUBLISHERSc2017 aNational Highway Silchar- 788005 Assam, India a210p.c23cm. (Hb)